{"text_format":"2","workbook":"xlsx","n_sheets":10,"sheets":["ORÇAMENTO SINTÉTICO","CRONOGRAMA TOTAL","BDI","ENC. SOCIAIS","MC MODULO","Mob"," Canteiro","Adm Local","CPUs","Curva ABC de Serviços"],"not_rendered":{"charts":0,"images":4,"macros":0,"external_links":202,"defined_names":30141,"comments":0,"pivot_tables":0},"unopened":[],"bounds":{"document_bytes":16777216,"sheet_cells":100000,"run_cost":"one","rows_first":2000,"rows_last":500,"rows_between":2000,"halvings":0,"cell_chars":16384,"cell_head_chars":4096},"cells_cut":0,"cells_raw":0,"read":"whole","date_system":"1900"}

{"sheet":"ORÇAMENTO SINTÉTICO","index":0,"n_rows":38,"n_cols":16,"rows_kept":38,"cut":false,"hidden":false,"merged":[[7,13,10,13],[7,14,10,14],[3,1,3,9],[4,1,4,9],[5,1,5,9],[7,12,10,12],[18,4,18,7],[13,4,13,7],[7,4,10,7],[3,10,3,11],[11,19,11,20],[12,4,12,7],[15,4,15,7],[16,4,16,7],[6,1,6,14],[7,1,10,1],[7,2,10,2],[7,3,10,3],[7,8,10,8],[7,9,10,9],[7,10,10,10],[7,11,10,11],[29,1,29,13],[20,4,20,7],[25,4,25,7],[28,4,28,7],[26,4,26,7],[23,4,23,7],[22,4,22,7]]}
[null,"PAVIMENTAÇÃO GRANÍTICA DA ESTRADA AÇU VELHO",{"$nulls":12},"SERGIPE"]
[{"$nulls":10},"BDI % =",{"$f":"BDI!D17","v":0.26750000000000002},null,"SICRO:","2025-04-01"]
[{"$nulls":10},"BDI  DIFERENCIADO% =",{"$f":"BDI!D38","v":0.15},null,"SINAPI:","2025-07-01"]
[null,"OBRA: PAVIMENTAÇÃO GRANÍTICA DA ESTRADA AÇU VELHO",{"$nulls":8},"ENC. SOCIAIS",null,null,"ORSE:","2025-06-01"]
[null,"LOCALIDADE: AÇU VELHO",{"$nulls":8},"HORISTA (%)","MENSALISTA (%)",null,"DATA BASE:","2025-09-01"]
[null,"MUNICÍPIO: LAGARTO/SE",{"$nulls":8},{"$f":"'ENC. SOCIAIS'!E48/100","v":1.1136000000000001},{"$f":"'ENC. SOCIAIS'!F48/100","v":0.69820000000000004},null,"DESCONTO:",0,"Inserir o desconto aqui!"]
[null,"PANILHA ORÇAMENTÁRIA"]
[null,"ITEM","ORIGEM\nCOMPOSIÇÃO","CÓDIGO\nCOMPOSIÇÃO","DISCRIMINAÇÃO DOS SERVIÇOS",null,null,null,"UND","QTDE.","BDI","PREÇO UNITÁRIO","PREÇO UNITÁRIO C/ DESCONTO","PREÇO UNITÁRIO C/ DESC. E BDI","PREÇO TOTAL COM BDI "]
[]
[]
[]
[{"$nulls":4},"MOBILIZAÇÃO/DESMOBILIZAÇÃO"]
[null,1,"CODEVASF","Mob","Mobilização",null,null,null,"kmxfrente",{"$f":"'MC MODULO'!F15","v":69},{"$f":"$L$2","v":0.26750000000000002},{"$f":"Mob!$B$25","v":41.96},{"$f":"TRUNC(L13*(1-$O$6),2)","v":41.96},{"$f":"TRUNC(M13*(1+K13),2)","v":53.18},{"$f":"TRUNC(J13*N13,2)","v":3669.42}]
[null,2,"CODEVASF","Mob","Desmobilização",null,null,null,"kmxfrente",{"$f":"'MC MODULO'!F20","v":69},{"$f":"$L$2","v":0.26750000000000002},{"$f":"Mob!$B$25","v":41.96},{"$f":"TRUNC(L14*(1-$O$6),2)","v":41.96},{"$f":"TRUNC(M14*(1+K14),2)","v":53.18},{"$f":"TRUNC(J14*N14,2)","v":3669.42}]
[null,null,null,"","INSTALAÇÃO DE CANTEIRO"]
[null,3,"CODEVASF","Canteiro","Canteiro de Obras e Almoxarifado",null,null,null,"frente",{"$f":"'MC MODULO'!B27","v":1},{"$f":"$L$2","v":0.26750000000000002},{"$f":"' Canteiro'!$F$11","v":4786.8599999999997},{"$f":"TRUNC(L16*(1-$O$6),2)","v":4786.8599999999997},{"$f":"TRUNC(M16*(1+K16),2)","v":6067.34},{"$f":"TRUNC(J16*N16,2)","v":6067.34}]
[null,4,"SINAPI",103689,"Fornecimento e instalação de placa de obra com chapa galvanizada e estrutura de madeira. af_03/2022_ps",null,null,null,"m²",{"$f":"'MC MODULO'!H32","v":8},{"$f":"$L$2","v":0.26750000000000002},{"$f":"CPUs!J8","v":350.6},{"$f":"TRUNC(L17*(1-$O$6),2)","v":350.6},{"$f":"TRUNC(M17*(1+K17),2)","v":444.38},{"$f":"TRUNC(J17*N17,2)","v":3555.04}]
[null,null,null,"","ADMINISTRAÇÃO LOCAL DA OBRA"]
[null,5,"CODEVASF","Adm Local","Administração Local da Obra",null,null,null,"und",1,{"$f":"$L$2","v":0.26750000000000002},{"$f":"'Adm Local'!$H$104","v":119900.73},{"$f":"TRUNC(L19*(1-$O$6),2)","v":119900.73},{"$f":"TRUNC(M19*(1+K19),2)","v":151974.17000000001},{"$f":"TRUNC(J19*N19,2)","v":151974.17000000001}]
[null,null,null,"","TERRAPLENAGEM"]
[null,6,"ORSE",2496,"Regularização mecanizada de áreas",null,null,null,"und",{"$f":"'MC MODULO'!$H$46","v":7372.62},{"$f":"$L$2","v":0.26750000000000002},{"$f":"CPUs!J21","v":0.46},{"$f":"TRUNC(L21*(1-$O$6),2)","v":0.46},{"$f":"TRUNC(M21*(1+K21),2)","v":0.57999999999999996},{"$f":"TRUNC(J21*N21,2)","v":4276.1099999999997}]
[null,null,null,"","PAVIMENTAÇÃO"]
[null,7,"ORSE",9387,"Paralelepípedo granítico 14x10x10 (sem frete)",null,null,null,"und",{"$f":"'MC MODULO'!H53","v":309650.03999999998},{"$f":"$L$3","v":0.15},1.29,{"$f":"TRUNC(L23*(1-$O$6),2)","v":1.29},{"$f":"TRUNC(M23*(1+K23),2)","v":1.48},{"$f":"TRUNC(J23*N23,2)","v":458282.05}]
[null,8,"CODEVASF","CODEVASF 323","EXECUÇÃO DE PAVIMENTO EM PARALELEPÍPEDOS, REJUNTAMENTO COM ARGAMASSA TRAÇO 1:3 (CIMENTO E AREIA). ADAPTADA DE SINAPI (101169)",null,null,null,"m²",{"$f":"'MC MODULO'!H58","v":7372.62},{"$f":"$L$2","v":0.26750000000000002},{"$f":"CPUs!J29","v":42.36},{"$f":"TRUNC(L24*(1-$O$6),2)","v":42.36},{"$f":"TRUNC(M24*(1+K24),2)","v":53.69},{"$f":"TRUNC(J24*N24,2)","v":395835.96}]
[null,null,null,"","DRENAGEM"]
[null,9,"SICRO",2003377,"Meio-fio de concreto - MFC 05 - areia e brita comerciais - fôrma de madeira",null,null,null,"m",{"$f":"'MC MODULO'!$H$65","v":2182.73},{"$f":"$L$2","v":0.26750000000000002},{"$f":"CPUs!J40","v":58.54},{"$f":"TRUNC(L26*(1-$O$6),2)","v":58.54},{"$f":"TRUNC(M26*(1+K26),2)","v":74.19},{"$f":"TRUNC(J26*N26,2)","v":161936.73000000001}]
[null,10,"ORSE",8424,"Escoramento contínuo de meio-fio, com aquisição, espalhamento e transporte de material c/distancia até 10km",null,null,null,"m",{"$f":"'MC MODULO'!$H$70","v":2182.73},{"$f":"$L$2","v":0.26750000000000002},{"$f":"CPUs!J56","v":7.28},{"$f":"TRUNC(L27*(1-$O$6),2)","v":7.28},{"$f":"TRUNC(M27*(1+K27),2)","v":9.2200000000000006},{"$f":"TRUNC(J27*N27,2)","v":20124.77}]
[null,null,null,"","MOMENTO DE TRANSPORTE"]
[null,11,"SICRO",5915321,"Transporte com caminhão basculante de 14 m³ - rodovia pavimentada",null,null,null,"tkm",{"$f":"'MC MODULO'!$H$81","v":210969.74783124001},{"$f":"$L$2","v":0.26750000000000002},{"$f":"CPUs!J63","v":0.66},{"$f":"TRUNC(L29*(1-$O$6),2)","v":0.66},{"$f":"TRUNC(M29*(1+K29),2)","v":0.83},{"$f":"TRUNC(J29*N29,2)","v":175104.89}]
[null,"VALOR TOTAL",{"$nulls":12},{"$f":"1384495.9*(1-O6)","v":1384495.9}]
{"$rows_empty":7}
[null,null,null," "]

{"sheet":"CRONOGRAMA TOTAL","index":1,"n_rows":28,"n_cols":9,"rows_kept":28,"cut":false,"hidden":false,"merged":[[24,0,24,1],[22,0,22,1],[1,0,1,6],[2,0,2,6],[19,0,19,1],[20,0,20,1],[21,0,21,1]]}
[]
[{"$f":"'ORÇAMENTO SINTÉTICO'!B1","v":"PAVIMENTAÇÃO GRANÍTICA DA ESTRADA AÇU VELHO"}]
["Cronograma Físico e Financeiro "]
["Item","Descrição","Total Por Etapa","30 DIAS","60 DIAS","90 DIAS","120 DIAS"]
[null,{"$f":"'ORÇAMENTO SINTÉTICO'!E12","v":"MOBILIZAÇÃO/DESMOBILIZAÇÃO"},{"$f":"SUM(D5:G5)","v":1},0.5,null,null,0.5]
[null,null,{"$f":"SUM('ORÇAMENTO SINTÉTICO'!O13:O14)","v":7338.84},{"$f":"$C$6*D5","v":3669.42},{"$f":"$C$6*E5","v":0},null,{"$f":"$C$6*G5","v":3669.42},{"$f":"SUM(D6:G6)","v":7338.84},{"$f":"IF(H6=C6,\"OK\",\"\")","v":"OK"}]
[null,{"$f":"'ORÇAMENTO SINTÉTICO'!E15","v":"INSTALAÇÃO DE CANTEIRO"},{"$f":"SUM(D7:G7)","v":1},1]
[null,null,{"$f":"SUM('ORÇAMENTO SINTÉTICO'!O16:O17)","v":9622.380000000001},{"$f":"$C$8*D7","v":9622.380000000001},null,null,null,{"$f":"SUM(D8:G8)","v":9622.380000000001},{"$f":"IF(H8=C8,\"OK\",\"\")","v":"OK"}]
[null,{"$f":"'ORÇAMENTO SINTÉTICO'!E18","v":"ADMINISTRAÇÃO LOCAL DA OBRA"},{"$f":"SUM(D9:G9)","v":1},{"$f":"(D6+D8+D14+D16+D12+D18)/($C$28-$C$10)","v":0.21080747192992694},{"$f":"(E6+E8+E14+E16+E12+E18)/($C$28-$C$10)","v":0.25307803295281461},{"$f":"(F6+F8+F14+F16+F12+F18)/($C$28-$C$10)","v":0.25307803295281461},{"$f":"(G6+G8+G14+G16+G12+G18)/($C$28-$C$10)","v":0.28303646216444395}]
[null,null,{"$f":"SUM('ORÇAMENTO SINTÉTICO'!O19)","v":151974.17000000001},{"$f":"$C$10*D9","v":32037.290576348947},38461.324003236652,38461.324003236652,43014.231417177776,{"$f":"SUM(D10:G10)","v":151974.17000000001},{"$f":"IF(H10=C10,\"OK\",\"\")","v":"OK"}]
[null,{"$f":"'MC MODULO'!B41","v":"TERRAPLENAGEM"},{"$f":"SUM(D11:G11)","v":1},1]
[null,null,{"$f":"'ORÇAMENTO SINTÉTICO'!O21","v":4276.1099999999997},{"$f":"$C$12*D11","v":4276.1099999999997},null,null,null,{"$f":"SUM(D12:G12)","v":4276.1099999999997},{"$f":"IF(H12=C12,\"OK\",\"\")","v":"OK"}]
[null,{"$f":"'ORÇAMENTO SINTÉTICO'!E22","v":"PAVIMENTAÇÃO"},{"$f":"SUM(D13:G13)","v":1},0.2,0.25,0.25,0.3]
[null,null,{"$f":"SUM('ORÇAMENTO SINTÉTICO'!O23:O24)","v":854118.01},{"$f":"$C$14*D13","v":170823.60200000001},213529.5025,213529.5025,256235.40299999999,{"$f":"SUM(D14:G14)","v":854118.01},{"$f":"IF(H14=C14,\"OK\",\"\")","v":"OK"}]
[null,{"$f":"'ORÇAMENTO SINTÉTICO'!E25","v":"DRENAGEM"},{"$f":"SUM(D15:G15)","v":1},0.2,0.3,0.3,0.2]
[null,null,{"$f":"SUM('ORÇAMENTO SINTÉTICO'!O26:O27)","v":182061.5},{"$f":"$C$16*D15","v":36412.300000000003},{"$f":"$C$16*E15","v":54618.45},54618.45,36412.300000000003,{"$f":"SUM(D16:G16)","v":182061.5},{"$f":"IF(H16=C16,\"OK\",\"\")","v":"OK"}]
[null,{"$f":"'ORÇAMENTO SINTÉTICO'!E28","v":"MOMENTO DE TRANSPORTE"},{"$f":"SUM(D17:G17)","v":1},0.2,0.25,0.25,0.3]
[null,null,{"$f":"'ORÇAMENTO SINTÉTICO'!O29","v":175104.89},{"$f":"$C$18*D17","v":35020.978000000003},{"$f":"$C$18*E17","v":43776.222500000003},43776.222500000003,52531.467000000004,{"$f":"SUM(D18:G18)","v":175104.89},{"$f":"IF(H18=C18,\"OK\",\"\")","v":"OK"}]
[]
["Porcentagem",null,null,{"$f":"SUM(D6+D8+D10+D14+D16+D12+D18)/$H$23","v":0.21080747192992697},{"$f":"SUM(E6+E8+E10+E14+E16+E12+E18)/$H$23","v":0.25307803295281456},{"$f":"SUM(F6+F8+F10+F14+F16+F12+F18)/$H$23","v":0.25307803295281456},{"$f":"SUM(G6+G8+G10+G14+G16+G12+G18)/$H$23","v":0.28303646216444395}]
["Custo (R$)",null,null,{"$f":"$H$23*D20","v":291862.08057634893},{"$f":"$H$23*E20","v":350385.49900323665},{"$f":"$H$23*F20","v":350385.49900323665},{"$f":"$H$23*G20","v":391862.82141717774}]
["Porcentagem Acumulado",null,null,{"$f":"D20","v":0.21080747192992697},{"$f":"D22+E20","v":0.4638855048827415},{"$f":"E22+F20","v":0.71696353783555611},1]
["Custo Acumulado (R$)",null,null,{"$f":"D21","v":291862.08057634893},{"$f":"D23+E21","v":642247.57957958558},992633.07858282223,{"$f":"F23+G21","v":1384495.9},{"$f":"H6+H8+H10+H12+H14+H16+H18","v":1384495.9}]
[]
["Total Geral (R$)",null,{"$f":"'ORÇAMENTO SINTÉTICO'!O30","v":1384495.9}]
[]
[]
[null,null,{"$f":"C6+C8+C10+C14+C16+C12+C18","v":1384495.9}]

{"sheet":"BDI","index":2,"n_rows":38,"n_cols":4,"rows_kept":38,"cut":false,"hidden":false,"merged":[[26,2,26,3],[3,1,3,3],[2,1,2,3],[24,1,24,3],[25,1,25,3]]}
[]
[]
[null,"DETALHAMENTO DO BDI  - SEM DESONERAÇÃO"]
[null,{"$f":"'ORÇAMENTO SINTÉTICO'!B1","v":"PAVIMENTAÇÃO GRANÍTICA DA ESTRADA AÇU VELHO"}]
[]
[null,"DESCRIÇÃO DOS SERVIÇOS","PREÇO DE VENDA (%)","CUSTO DIRETO (%)"]
[null,"ADMINISTRAÇÃO CENTRAL",null,0.06]
[null,"DESPESAS FINANCEIRAS",1.0800000000000001E-2]
[null,"SEGUROS E GARANTIAS CONTRATUAIS",2.5000000000000001E-3]
[null,"RISCOS",5.0000000000000001E-3]
[null,"LUCRO OPERACIONAL",null,0.1]
[null,"PIS",6.4999999999999997E-3]
[null,"COFINS",0.03]
[null,"ISSQN",{"$f":"0.6*5%","v":0.03}]
[null,"Contribuição Previdenciaria",0]
[]
[null,null,"BDI",{"$f":"ROUND((1+(D7+D11))/(1-(C8+C9+C10+C12+C13+C14+C15))-1,4)","v":0.26750000000000002}]
{"$rows_empty":7}
[null,"DETALHAMENTO DO BDI DIFERENCIADO  - SEM DESONERAÇÃO"]
[null,{"$f":"'ORÇAMENTO SINTÉTICO'!B7","v":"PANILHA ORÇAMENTÁRIA"}]
[]
[null,"DESCRIÇÃO DOS SERVIÇOS","PREÇO DE VENDA (%)","CUSTO DIRETO (%)"]
[null,"ADMINISTRAÇÃO CENTRAL",null,3.7699999999999997E-2]
[null,"DESPESA FINANCEIRAS",1.0200000000000001E-2]
[null,"SEGUROS E GARANTIAS CONTRATUAIS",2.5000000000000001E-3]
[null,"RISCOS",5.0000000000000001E-3]
[null,"LUCRO OPERACIONAL",null,0.05]
[null,"PIS",6.4999999999999997E-3]
[null,"COFINS",0.03]
[null,"ISSQN",0]
[null,"Contribuição Previdenciaria",0]
[null,null,"BDI DIFERENCIADO",{"$f":"ROUND((1+(D29+D33))/(1-(C30+C31+C32+C34+C35+C36+C37))-1,4)","v":0.15}]

{"sheet":"ENC. SOCIAIS","index":3,"n_rows":48,"n_cols":6,"rows_kept":48,"cut":false,"hidden":false,"merged":[[5,0,6,5],[47,0,47,1],[7,0,7,5],[8,2,8,3],[8,4,8,5],[9,0,9,5],[10,0,11,1],[10,2,11,2],[10,3,11,3],[10,4,11,4],[10,5,11,5],[12,0,12,5],[23,0,23,5],[35,0,35,5],[42,0,42,5],[46,0,46,5]]}
[]
[]
[]
[]
[]
[{"$f":"'ORÇAMENTO SINTÉTICO'!B1","v":"PAVIMENTAÇÃO GRANÍTICA DA ESTRADA AÇU VELHO"}]
[]
["DETALHAMENTO DOS ENCARGOS SOCIAIS (%)"]
["VIGÊNCIA A PARTIR DE 01/2025",null,"COM DESONERAÇÃO",null,"SEM DESONERAÇÃO"]
[]
[null,null,"HORISTA","MENSALISTA","HORISTA","MENSALISTA"]
[]
["GRUPO A"]
["A1","INSS",0,0,20,20]
["A2","SESI",1.5,1.5,1.5,1.5]
["A3","SENAI",1,1,1,1]
["A4","INCRA",0.2,0.2,0.2,0.2]
["A5","SEBRAE",0.6,0.6,0.6,0.6]
["A6","Salário Educação",2.5,2.5,2.5,2.5]
["A7","Seguro Contra Acidentes de Trabalho",3,3,3,3]
["A8","FGTS",8,8,8,8]
["A9","SECONCI",1,1,0,"-"]
["A","Total",{"$f":"SUM(C14:C22)","v":17.8},{"$f":"SUM(D14:D22)","v":17.8},{"$f":"SUM(E14:E22)","v":36.799999999999997},{"$f":"SUM(F14:F22)","v":36.799999999999997}]
["GRUPO B"]
["B1","Repouso Semanal Remunerado",17.88,"-",17.86,"-"]
["B2","Feriados",3.94,"-",3.93,"-"]
["B3","Auxílio-enfermidade",0.91,0.69,0.84,0.65]
["B4","13° salário",10.98,8.33,10.8,8.33]
["B5","Licença-paternidade",7.0000000000000007E-2,0.06,0.06,0.05]
["B6","Faltas Justificadas",0.73,0.56000000000000005,0.72,0.56000000000000005]
["B7","Dias de chuva",1.45,"-",1.48,"-"]
["B8","Auxílio Acidente de Trabalho",0.11,0.09,0.09,7.0000000000000007E-2]
["B9","Férias Gozadas",11.35,8.6199999999999992,8.5399999999999991,6.6]
["B10","Salário Maternidade",0.03,0.03,0.03,0.03]
["B","Total ",{"$f":"SUM(C25:C34)","v":47.45},{"$f":"SUM(D25:D34)","v":18.380000000000003},{"$f":"SUM(E25:E34)","v":44.35},{"$f":"SUM(F25:F34)","v":16.290000000000003}]
["GRUPO C"]
["C1","Aviso Prévio Indenizado",6.76,5.14,4.75,3.67]
["C2","Aviso Prévio Trabalhado",0.16,0.12,0.11,0.09]
["C3","Férias Indenizadas",2.2799999999999998,1.73,4.72,3.64]
["C4","Depósito Rescisão Sem Justa Causa",3.81,2.89,3.49,2.7]
["C5","Indenização Adicional",0.56999999999999995,0.43,0.4,0.31]
["C","Total ",{"$f":"SUM(C37:C41)","v":13.58},{"$f":"SUM(D37:D41)","v":10.31},{"$f":"SUM(E37:E41)","v":13.47},{"$f":"SUM(F37:F41)","v":10.410000000000002}]
["GRUPO D"]
["D1","Reincidência de A sobre B",8.4499999999999993,3.27,16.32,5.99]
["D2","Reincidência de Grupo A sobre Aviso Prévio Trabalhado e Reincidência do FGTS sobre Aviso Prévio Indenizado",0.56999999999999995,0.43,0.42,0.33]
["D","Total",{"$f":"SUM(C44:C45)","v":9.02},{"$f":"SUM(D44:D45)","v":3.7},{"$f":"SUM(E44:E45)","v":16.740000000000002},{"$f":"SUM(F44:F45)","v":6.32}]
[]
["T O T A L (%)",null,{"$f":"C23+C35+C42+C46","v":87.85},{"$f":"D23+D35+D42+D46","v":50.190000000000012},{"$f":"E23+E35+E42+E46","v":111.36000000000001},{"$f":"F23+F35+F42+F46","v":69.820000000000007}]

{"sheet":"MC MODULO","index":4,"n_rows":81,"n_cols":8,"rows_kept":81,"cut":false,"hidden":false,"merged":[[3,0,3,7],[49,1,49,4],[54,1,54,4],[11,1,11,4],[16,1,16,4],[42,1,42,4],[85,0,85,4],[23,1,23,4],[28,1,28,4],[61,1,61,4],[73,1,73,4],[66,1,66,4],[35,1,35,4]]}
[]
[]
[]
["MEMÓRIA DE QUANTITATIVOS"]
[]
["Extensão","=",1074.78,"m"]
["Largura","=",7,"m"]
[]
[]
[null,"MOBILIZAÇÃO/DESMOBILIZAÇÃO"]
[]
[1,"Mobilização"]
[]
[null,"Quantidade",null,"Distância (km)",null,"Total (kmxfrente)"]
[null,1,null,{"$f":"Mob!H6","v":69},null,{"$f":"B15*D15","v":69}]
[]
[2,"Desmobilização"]
[]
[null,"Quantidade",null,"Distância (km)",null,"Total (kmxfrente)"]
[null,1,null,{"$f":"Mob!H6","v":69},null,{"$f":"B20*D20","v":69}]
[]
[null,"INSTALAÇÃO DO CANTEIRO"]
[]
[3,"Canteiro de Obras"]
[]
[null,"und"]
[null,1]
[]
[4,"Placa de Obra em Chapa de Aço Galvanizado"]
[]
[null,"und","Comprimento(m)","Largura (m)","Quantidade (und)",null,null,"Total de área de placa (m²)"]
[null,1,2,4,1,null,null,{"$f":"C32*D32*B32*E32","v":8}]
[]
[null,"ADMINISTRAÇÃO LOCAL"]
[]
[5,"Canteiro de Obras"]
[]
[null,"adm",{"$nulls":5},"Unidade"]
[null,1,{"$nulls":5},1]
[]
[null,"TERRAPLENAGEM"]
[]
[6,"Regularização mecanizada"]
[]
[null,"Área (m²)",{"$nulls":5},"Total (mil)"]
[null,{"$f":"$B$58","v":7372.62},{"$nulls":4},"=",{"$f":"B46","v":7372.62}]
[]
[null,"PAVIMENTAÇÃO"]
[]
[7,"Paralelpípedos Granítico 14x10x10"]
[]
[null,"Área (m²)","Quantidade (und)",{"$nulls":4},"Total (mil)"]
[null,{"$f":"$B$58","v":7372.62},{"$f":"42","v":42},null,null,null,"=",{"$f":"C53*B53","v":309650.03999999998}]
[]
[8,"Execução de pavimento em paralelpípedos, rejuntamento com argamassa traço 1:3 (cimento e areia). Af_05/2020"]
[]
[null,"Área (m²)","*Área de projeto",{"$nulls":4},"Área (m²)"]
[null,7372.62,{"$nulls":4},"=",{"$f":"B58","v":7372.62}]
[]
[null,"DRENAGEM"]
[]
[9,"Meio-fio de concreto - MFC 05 - areia e brita comerciais - fôrma de madeira"]
[]
[null,"Extensão (m)","*Extensão de projeto",{"$nulls":4},"Extensão (m)"]
[null,2182.73,{"$nulls":4},"=",{"$f":"B65","v":2182.73}]
[]
[10,"Escoramento contínuo de meio-fio"]
[]
[null,"Extensão (m)","*Extensão de projeto",{"$nulls":4},"Extensão (m)"]
[null,2182.73,{"$nulls":4},"=",{"$f":"B70","v":2182.73}]
[]
[null,"MOMENTO DE TRANSPORTE"]
[]
[11,"Transporte com caminhão basculante de 14 m³ - rodovia pavimentada"]
[]
[null," Paralelepípedo","Quantidade (und)","peso (kg/und)","Peso Total (t)","Distância (km)",null,"Momento de transporte (tkm)"]
[null,null,{"$f":"H53","v":309650.03999999998},4.29,{"$f":"C77*D77/1000","v":1328.3986715999999},93.9,"=",{"$f":"E77*F77","v":124736.63526324001}]
[]
[null,"Areia","Área\n (m²)","Coeficiente da comp.\n (m³/m²)","Densidade areia \n(t/m³)","Distância \n(km)",null,"Momento de transporte (tkm)"]
[null,null,{"$f":"$H$58","v":7372.62},0.114,1.5,68.400000000000006,"=",{"$f":"C80*D80*E80*F80","v":86233.112568000011}]
[{"$nulls":7},{"$f":"H77+H80","v":210969.74783124001}]

{"sheet":"Mob","index":5,"n_rows":27,"n_cols":9,"rows_kept":27,"cut":false,"hidden":false,"merged":[[3,0,3,7],[4,0,8,4],[4,5,4,6],[5,5,6,6],[5,7,6,7],[7,5,8,6],[7,7,8,7],[10,6,10,7],[22,0,22,1],[10,0,11,0],[10,1,11,1],[10,2,11,2],[10,3,11,3],[10,4,11,4],[10,5,11,5]]}
[]
[]
[]
[{"$f":"'ORÇAMENTO SINTÉTICO'!B1","v":"PAVIMENTAÇÃO GRANÍTICA DA ESTRADA AÇU VELHO"}]
["MOBILIZAÇÃO/DESMOBILIZAÇÃO (MOB)",{"$nulls":4},"Frentes de serviços",null,1]
[{"$nulls":5},"Distância da Capital ao Canteiro:",null,69]
[]
[{"$nulls":5},"Velocidade média de transporte (pavim.):",null,60]
[]
["Transporte dos equipamentos"]
["CODIGO","EQUIPAMENTO","VEÍCULO TRANSPORTADOR","QTDE","K","FU","CUSTO DO TRANSPORTE"]
[{"$nulls":6},"(R$/h)","(R$)/km"]
["E9125","Veículo tipo van furgão com capacidade de 1,54 t - 93 kW","E9125",2,1,1,86.903499999999994,{"$f":"TRUNC(G13*D13*E13*F13/$H$8,4)","v":2.8967000000000001},{"$f":"(1/60)*D13*E13*F13","v":3.3333333333333333E-2}]
["E9093","Veículo leve - 53 kW (sem motorista)","E9512",2,1,1,68.696799999999996,2.2898000000000001,3.3333333333333333E-2]
["E9592","Caminhão carroceria com capacidade de 15 t - 188 kW","E9592",1,1,1,267.08800000000002,4.4513999999999996,1.6666666666666666E-2]
["10777","CONTAINER 2,30 X 4,30 M, ALT. 2,50 M, PARA SANITARIO","E9665",1,2,0.5,407.64729999999997,6.7941000000000003,1.6666666666666666E-2]
["E9524","Motoniveladora - 93 kW","E9665",1,2,1,407.64729999999997,13.588200000000001,3.3333333333333333E-2]
["10776","CONTAINER 2,30 X 6,00 M, ALT. 2,50 M, PARA ESCRITORIO","E9665",1,2,0.5,407.64729999999997,6.7941000000000003,1.6666666666666666E-2]
["E9667","Caminhão basculante com capacidade de 14 m³ - 188 kW","E9667",1,1,1,309.26710000000003,{"$f":"TRUNC(G19*D19*E19*F19/$H$8,4)","v":5.1543999999999999},1.6666666666666666E-2]
[{"$nulls":6},"TOTAL",{"$f":"TRUNC(SUM(H13:H19),2)","v":41.96}]
[]
[]
["CUSTO TOTAL MOBILIZAÇÃO E DESMOBILIZAÇÃO"]
["DESCRIÇÃO","VALOR"]
["Custo Mobilização (km)",{"$f":"H20","v":41.96}]
["BDI (%)",{"$f":"BDI!D17","v":0.26750000000000002}]
["Custo Mobilização (R$/km) com BDI",{"$f":"TRUNC(B25+(B25*B26),2)","v":53.18}]

{"sheet":" Canteiro","index":6,"n_rows":15,"n_cols":7,"rows_kept":15,"cut":false,"hidden":false,"merged":[[3,0,3,5],[3,9,4,9],[4,7,4,8],[9,3,9,4],[12,3,12,4]]}
[]
[]
[]
["CANTEIRO DE OBRAS PARA CONSTRUÇÃO RODOVIÁRIA"]
["Descrição dos serviços","Tipo de container","Unidade","Quantidade","Preço unitário (R$)","Total (R$)"]
["Escritório e seção técnica"]
["LOCACAO DE CONTAINER 2,30 X 6,00 M, ALT. 2,50 M, PARA ESCRITORIO, SEM DIVISORIAS INTERNAS E SEM SANITARIO (NAO INCLUI MOBILIZACAO/DESMOBILIZACAO)                                                                                                                                                                                                                                                                                                                                                         ",10776,"und",1,650.39,{"$f":"TRUNC(D7*E7,2)","v":650.39}]
["Banheiro e vestiário"]
["LOCACAO DE CONTAINER 2,30 X 4,30 M, ALT. 2,50 M, PARA SANITARIO, COM 3 BACIAS, 4 CHUVEIROS, 1 LAVATORIO E 1 MICTORIO (NAO INCLUI MOBILIZACAO/DESMOBILIZACAO)                                                                                                                                                                                                                                                                                                                                              ",10777,"und",1,945.23,{"$f":"TRUNC(D9*E9,2)","v":945.23}]
[null,null,null,"TOTAL DO CANTEIRO",null,{"$f":"SUM(F7:F9)","v":1595.62}]
[null,null,null,"DURAÇÃO (MESES)",{"$f":"0.5+2+0.5","v":3},{"$f":"F10*E11","v":4786.8599999999997}]
[null,null,null,"BDI",null,{"$f":"BDI!D17","v":0.26750000000000002}]
[null,null,null,"TOTAL DO CANTEIRO (com BDI)",null,{"$f":"TRUNC(F11+(F11*F12),2)","v":6067.34}]
[]
[{"$nulls":5},{"$f":"TRUNC(F10+(F10*F12),2)","v":2022.44},{"$f":"3*F15","v":6067.32}]

{"sheet":"Adm Local","index":7,"n_rows":106,"n_cols":23,"rows_kept":106,"cut":false,"hidden":false,"merged":[[104,3,104,4],[104,5,104,6],[105,3,105,4],[105,5,105,6],[99,3,99,4],[99,5,99,6],[99,7,99,8],[98,3,98,4],[98,5,98,6],[98,7,98,8],[100,3,100,4],[100,5,100,6],[100,7,100,8],[101,7,101,8],[102,3,102,4],[102,5,102,6],[102,7,102,8],[103,3,103,4],[103,5,103,6],[103,7,103,8],[97,7,97,8],[95,3,95,4],[95,5,95,6],[95,7,95,8],[96,3,96,4],[96,5,96,6],[96,7,96,8],[97,3,97,4],[97,5,97,6],[93,3,93,4],[93,5,93,6],[93,7,93,8],[94,3,94,4],[94,5,94,6],[94,7,94,8],[92,3,92,4],[92,5,92,6],[92,7,92,8],[90,3,90,4],[90,5,90,6],[90,7,90,8],[91,3,91,4],[91,5,91,6],[91,7,91,8],[88,3,88,4],[88,5,88,6],[88,7,88,8],[89,3,89,4],[89,5,89,6],[89,7,89,8],[86,0,86,8],[87,3,87,4],[87,5,87,6],[87,7,87,8],[67,0,67,8],[68,1,68,4],[83,1,83,4],[82,1,82,4],[81,0,81,8],[66,0,66,8],[63,5,63,6],[63,7,63,8],[61,3,61,4],[61,5,61,6],[61,7,61,8],[62,3,62,4],[62,5,62,6],[62,7,62,8],[56,3,56,4],[56,5,56,6],[56,7,56,8],[57,5,57,6],[57,7,57,8],[59,0,59,8],[60,3,60,4],[60,5,60,6],[60,7,60,8],[54,3,54,4],[54,5,54,6],[54,7,54,8],[55,3,55,4],[55,5,55,6],[55,7,55,8],[53,0,53,8],[50,3,50,4],[50,5,50,6],[50,7,50,8],[51,5,51,6],[51,7,51,8],[48,3,48,4],[48,5,48,6],[48,7,48,8],[49,3,49,4],[49,5,49,6],[49,7,49,8],[46,0,46,8],[47,3,47,4],[47,5,47,6],[47,7,47,8],[26,3,26,4],[26,5,26,6],[26,7,26,8],[27,5,27,6],[27,7,27,8],[33,0,33,8],[24,3,24,4],[24,5,24,6],[24,7,24,8],[25,3,25,4],[25,5,25,6],[25,7,25,8],[5,7,5,8],[8,3,8,4],[8,5,8,6],[8,7,8,8],[22,0,22,8],[23,3,23,4],[23,5,23,6],[23,7,23,8],[12,0,12,8],[9,3,9,4],[9,5,9,6],[9,7,9,8],[6,3,6,4],[6,5,6,6],[6,7,6,8],[7,3,7,4],[7,5,7,6],[7,7,7,8],[39,5,39,6],[39,7,39,8],[36,3,36,4],[36,5,36,6],[36,7,36,8],[37,3,37,4],[37,5,37,6],[37,7,37,8],[0,0,2,8],[34,3,34,4],[34,5,34,6],[34,7,34,8],[35,3,35,4],[35,5,35,6],[35,7,35,8],[38,3,38,4],[38,5,38,6],[38,7,38,8],[3,0,3,8],[4,3,4,4],[4,5,4,6],[4,7,4,8],[5,3,5,4],[5,5,5,6]]}
[]
[]
[]
["parcela fixa da administração local \n(mão de obra)"]
["Código","Discriminação ","Unidade"," Quantidade ",null,"Custo Unitário (R$)",null," Custo Total (R$)"]
[null,"Mão de Obra"]
[null,"Gerência Técnica"]
[null,"Geral"]
["P9955","Engenheiro chefe","mês",0.25,null,31570.385399999999,null,{"$f":"F9*D9","v":7892.5963499999998}]
[{"$nulls":5},"Subtotal do Item 1.1",null,{"$f":"SUM(H9:I9)","v":7892.5963499999998}]
[{"$nulls":7},"Total da Mão de Obra da Parcela Fixa",{"$f":"H10","v":7892.5963499999998}]
[]
["parcela fixa da administração local \n(veículos)"]
["Código","Discriminação ","Unidade"," Quantidade ","Utilização Produtiva","Utilização Improdutiva","Custo Horário \nProdutivo (R$)","Custo Horário Improdutivo (R$)","Custo Total (R$)"]
[2,"Veículos"]
[null,"Gerência Técnica"]
["2.1","Geral"]
["E9093","Veículo Leve 53 kw","mês",{"$f":"D9","v":0.25},44,176,38.023000000000003,6.6318000000000001,{"$f":"((E18*G18)+(F18*H18))*D18","v":710.05220000000008}]
["E9125","Van furgão a diesel - 93 kW","mês",1,44,176,86.903499999999994,48.007399999999997,{"$f":"((E19*G19)+(F19*H19))*D19","v":12273.056399999998}]
[{"$nulls":7},"Subtotal do Item 2",{"$f":"SUM(I18:I19)","v":12983.108599999998}]
[{"$nulls":7},"Total dos Veículos da Parcela Fixa",{"$f":"I20","v":12983.108599999998}]
[]
["Composição de custo da equipe de produção de pavimentação"]
["Código","Discriminação ","Unidade"," Quantidade ",null,"Custo Unitário (R$)",null," Custo Total (R$)"]
[null,"Equipe de Produção de Pavimentação"]
["3.1","Mão de Obra"]
["P9893","Encarregado de pavimentação ","mês",0.25,null,6813.7722999999996,null,{"$f":"F27*D27","v":1703.4430749999999}]
[{"$nulls":5},"Subtotal do Item 3.1",null,{"$f":"SUM(H27:H27)","v":1703.4430749999999}]
["Código","Discriminação ","Unidade"," Quantidade ","Utilização Produtiva","Utilização Improdutiva","Custo Horário \nProdutivo (R$)","Custo Horário Improdutivo (R$)","Custo Total (R$)"]
["3.2","Veículos"]
["E9093","Veículo Leve 53 kw","mês",0.25,44,176,{"$f":"G18","v":38.023000000000003},{"$f":"H18","v":6.6318000000000001},{"$f":"((E31*G31)+(F31*H31))*D31","v":710.05220000000008}]
[{"$nulls":7},"Subtotal do Item 3.2",{"$f":"SUM(I31:I31)","v":710.05220000000008}]
[{"$nulls":7},"Total da Equipe de Produção de Pavimentação",{"$f":"I32+H28","v":2413.4952750000002}]
["Composição de custo da equipe topografia"]
["Código","Discriminação ","Unidade"," Quantidade ",null,"Custo Unitário (R$)",null," Custo Total (R$)"]
[null,"Equipe de Topografia"]
["3.1","Mão de Obra"]
["P9949","Topográfo","mês",{"$f":"0.25/4","v":6.25E-2},null,8431.8994999999995,null,{"$f":"F38*D38","v":526.99371874999997}]
["P9950","Auxiliar de topografia","mês",{"$f":"0.25/4","v":6.25E-2},null,5714.1422000000002,null,{"$f":"F39*D39","v":357.13388750000001}]
[{"$nulls":5},"Subtotal do Item 3.1",null,{"$f":"SUM(H38:I39)","v":884.12760624999999}]
["Código","Discriminação ","Unidade"," Quantidade ","Utilização Produtiva","Utilização Improdutiva","Custo Horário \nProdutivo (R$)","Custo Horário Improdutivo (R$)","Custo Total (R$)"]
["3.2","Veículos"]
["E9093","Veículo Leve 53 kw","mês",{"$f":"0.25/4","v":6.25E-2},44,176,{"$f":"G18","v":38.023000000000003},{"$f":"H18","v":6.6318000000000001},{"$f":"((E43*G43)+(F43*H43))*D43","v":177.51305000000002}]
[{"$nulls":7},"Subtotal do Item 3.2",{"$f":"SUM(I43:I43)","v":177.51305000000002}]
[{"$nulls":7},"Total da Equipe de Produção de Topografia",{"$f":"I44+H40","v":1061.6406562500001}]
[]
["Parcela Variável - Composição de custo da equipe de frente de serviço"]
["Código","Discriminação ","Unidade"," Quantidade ",null,"Custo Unitário (R$)",null," Custo Total (R$)"]
[5,"Equipe de Frente de Serviço","equipexmês"]
["P9875","Encarregado de Turma","mês",1,null,5299.4726000000001,null,{"$f":"F50*D50","v":5299.4726000000001}]
["P9804","Apontador","mês",0.5,null,4469.6876000000002,null,{"$f":"F51*D51","v":2234.8438000000001}]
[{"$nulls":5},"Subtotal do Item 5",null,{"$f":"SUM(H50:I51)","v":7534.3163999999997}]
[]
["Parcela Variável - Composição de custo da acompanhamento das frentes de serviço de pavimentação"]
["Código","Discriminação ","Unidade"," Quantidade ",null,"Produção Horária \n(und/h)",null,"Efs"]
["5.2","Equipe de Frente de Serviço","equipe x mês"]
["101169 adaptada","Execução de pavimento em paralelpípedos, rejuntamento com argamassa traço 1:3 (cimento e areia). Af_05/2020",{"$f":"'ORÇAMENTO SINTÉTICO'!I24","v":"m²"},{"$f":"'ORÇAMENTO SINTÉTICO'!J24","v":7372.62},null,{"$f":"ROUND((1/0.4021)*10,2)","v":24.87},null,{"$f":"(D57)/(F57*182.49)","v":1.6244524131103966}]
[{"$nulls":5},"Total de Equipes para Pavimentação",null,{"$f":"SUM(H57:I57)","v":1.6244524131103966}]
[]
["Parcela Variável - Composição de custo da acompanhamento das frentes de serviço de drenagem"]
["Código","Discriminação ","Unidade"," Quantidade ",null,"Efsdu",null,"Efs"]
["5.3","Frentes de Serviço para Drenagem","equipe x mês"]
[2003373,"Meio-fio de concreto - MFC 05 - areia e brita comerciais - fôrma de madeira","m",{"$f":"'ORÇAMENTO SINTÉTICO'!J26","v":2182.73},null,2.1000000000000001E-4,null,{"$f":"D63*F63","v":0.45837330000000004}]
[{"$nulls":5},"Total de Equipes para Drenagem",null,{"$f":"H63","v":0.45837330000000004}]
[]
[]
["3. PARCELA VARIÁVEL - EQUIPE DE CONTROLE TECNOLÓGICO"]
["LABORATÓRIO DE CONCRETO"]
["Item","Discriminação",null,null,null,"Unidade","Quantidade","Custo Unitário (R$)","Custo Total (R$)"]
[null,"Laboratório de Concreto (equipe x mês)"]
[null,"Mão de Obra"]
["P9858","Laboratorista",null,null,null,"func./mês",1,7446.5546999999997,{"$f":"TRUNC(G72*H72,2)","v":7446.55}]
["P9833","Auxiliar de laboratório",null,null,null,"func./mês",1,5693.9589999999998,{"$f":"TRUNC(G73*H73,2)","v":5693.95}]
[{"$nulls":7},"Subtotal do Item",{"$f":"SUM(I72:I73)","v":13140.5}]
["Item","Discriminação","Und","Quant","Utilização Produtiva","Utilização Improdutiva","Horário Produtivo (R$)","Horário Improdutivo (R$)","Total (R$)"]
[null,"Equipe de Controle Tecnológico"]
[null,"Veículos"]
["E9125","Van furgão a diesel - 93 kW","veic./mês",1,44,176,{"$f":"G19","v":86.903499999999994},{"$f":"H19","v":48.007399999999997},{"$f":"D78*((E78*G78)+(F78*H78))","v":12273.056399999998}]
[{"$nulls":7},"Subtotal do Item",{"$f":"SUM(I78:I78)","v":12273.056399999998}]
[{"$nulls":7},"Total da Equipe do Laboratório de Concreto",{"$f":"I74+I79","v":25413.556399999998}]
[]
["Equipes de laboratório de Concreto"]
["Item","Discriminação",null,null,null,"Und","Quant","QE","Ela"]
[2003373,"Meio-fio de concreto - MFC 05 - areia e brita comerciais - fôrma de madeira",null,null,null,"m",{"$f":"'ORÇAMENTO SINTÉTICO'!J26","v":2182.73},{"$f":"1100/0.042","v":26190.476190476187},{"$f":"G84/H84","v":8.3340600000000015E-2}]
[{"$nulls":7},"Total de equipes de Laboratório de Concreto",{"$f":"SUM(I84:I84)","v":8.3340600000000015E-2}]
[]
["Resumo das parcelas de administração local",{"$nulls":21},{"$f":"H92-J87","v":83502.819799999997}]
["Código","Discriminação ","Unidade"," Quantidade ",null,"Custo Unitário (R$)",null," Custo Total (R$)",{"$nulls":14},0]
[null,"Parcela Fixa",{"$nulls":20},{"$f":"#REF!-J89","v":{"$error":"#REF!"}}]
[null,"Mão de Obra","mês",4,null,{"$f":"H10","v":7892.5963499999998},null,{"$f":"F90*D90","v":31570.385399999999},{"$nulls":14},{"$f":"H94-J90","v":9653.9811000000009}]
[null,"Veículos","mês",4,null,{"$f":"I21","v":12983.108599999998},null,{"$f":"F91*D91","v":51932.434399999991},{"$nulls":14},{"$f":"#REF!-J91","v":{"$error":"#REF!"}}]
[{"$nulls":5},"Subtotal do Item 1",null,{"$f":"SUM(H90:I91)","v":83502.819799999997},{"$nulls":14},{"$f":"#REF!-J92","v":{"$error":"#REF!"}}]
[null,"Parcela Vinculada",{"$nulls":20},{"$f":"H95-J93","v":4246.5626250000005}]
[null,"Equipe de produção de pavimentação","mês",4,null,{"$f":"I33","v":2413.4952750000002},null,{"$f":"F94*D94","v":9653.9811000000009},{"$nulls":14},{"$f":"#REF!-J94","v":{"$error":"#REF!"}}]
[null,"Equipe de topografia","mês",4,null,{"$f":"I45","v":1061.6406562500001},null,4246.5626250000005,{"$nulls":14},{"$f":"#REF!-J95","v":{"$error":"#REF!"}}]
[{"$nulls":5},"Subtotal do Item 2",null,{"$f":"SUM(H94:I95)","v":13900.543725000001},{"$nulls":14},{"$f":"#REF!-J96","v":{"$error":"#REF!"}}]
[null,"Parcela Variável",{"$nulls":20},{"$f":"#REF!-J97","v":{"$error":"#REF!"}}]
[null,"Acompanhamento da Pavimentação","equipe x mês",{"$f":"H58","v":1.6244524131103966},null,{"$f":"$H$52","v":7534.3163999999997},null,{"$f":"F98*D98","v":12239.138457117235},{"$nulls":14},{"$f":"H101-J98","v":17810.648967139194}]
[null,"Acompanhamento da Drenagem","equipe x mês",{"$f":"H64","v":0.45837330000000004},null,7534.3163999999997,null,{"$f":"F99*D99","v":3453.5294715121204},{"$nulls":14},{"$f":"#REF!-J99","v":{"$error":"#REF!"}}]
[null,"Laboratório de concreto","equipe x mês",{"$f":"I85","v":8.3340600000000015E-2},null,{"$f":"I80","v":25413.556399999998},null,{"$f":"F100*D100","v":2117.9810385098403},{"$nulls":14},{"$f":"H102-J100","v":115214.01249213918}]
[{"$nulls":5},"Subtotal do Item 3",null,{"$f":"SUM(H98:I100)","v":17810.648967139194},{"$nulls":14},{"$f":"H103-J101","v":5760.7006246069595}]
[{"$nulls":6},"Subtotal",{"$f":"+H101+H96+H92","v":115214.01249213918}]
[null,"Despesas Diversas","%",0.05,null,"-",null,{"$f":"D103*H102","v":5760.7006246069595}]
[{"$nulls":5},"TOTAL",null,{"$f":"H102+H103-1073.98311674615","v":119900.73}]
[{"$nulls":5},"BDI",null,null,{"$f":"TRUNC(H104*BDI!D17,2)","v":32073.439999999999}]
[{"$nulls":5},"TOTAL COM BDI",null,null,{"$f":"I105+H104","v":151974.16999999998}]

{"sheet":"CPUs","index":8,"n_rows":72,"n_cols":10,"rows_kept":72,"cut":false,"hidden":false,"merged":[[71,0,71,4],[71,5,71,8],[73,7,73,8],[68,0,68,4],[68,5,68,8],[69,0,69,4],[69,5,69,8],[70,0,70,4],[70,5,70,8],[63,7,63,8],[63,9,64,9],[66,0,66,4],[66,5,66,8],[67,0,67,4],[67,5,67,8],[62,4,62,5],[63,0,64,0],[63,1,64,1],[63,2,64,2],[63,3,64,3],[63,4,64,4],[63,5,63,6],[61,4,61,5],[47,6,47,8],[48,6,48,8],[49,6,49,8],[50,0,50,4],[50,5,50,8],[52,7,52,8],[54,4,54,5],[55,4,55,5],[56,4,56,5],[57,4,57,5],[59,7,59,8],[46,6,46,8],[40,0,40,4],[40,5,40,8],[41,0,41,4],[41,5,41,8],[42,0,42,4],[42,5,42,8],[43,0,43,4],[43,5,43,8],[44,0,44,4],[44,5,44,8],[45,6,45,8],[39,4,39,5],[25,7,25,8],[27,4,27,5],[28,4,28,5],[29,4,29,5],[30,4,30,5],[31,4,31,5],[32,4,32,5],[33,4,33,5],[34,4,34,5],[36,7,36,8],[38,4,38,5],[19,4,19,5],[20,4,20,5],[21,4,21,5],[22,4,22,5],[23,4,23,5],[16,7,16,8],[6,4,6,5],[7,4,7,5],[8,4,8,5],[9,4,9,5],[10,4,10,5],[11,4,11,5],[12,4,12,5],[13,4,13,5],[14,4,14,5],[2,0,2,9],[3,0,3,9],[0,2,0,3],[0,4,0,5],[0,6,0,7],[0,8,0,9],[1,2,1,3],[1,4,1,5],[1,6,1,7],[1,8,1,9]]}
[null,null,"Composições Analíticas com Preço Unitário",null,"Bancos",null,"B.D.I.",null,"Encargos Sociais"]
[null,null,"Pavimentação Granítica da Estrada Açu Velho",null,"SINAPI - 07/2025 - Sergipe\nSICRO3 - 04/2025 - Sergipe\nORSE - 06/2025 - Sergipe\n",null,"26,75%",null,"Não Desonerado: embutido nos preços unitário dos insumos de mão de obra, de acordo com as bases."]
["Composições Analíticas com Preço Unitário"]
["Composições Principais"]
[]
[]
[" 2.2 ","Código","Banco","Descrição","Tipo",null,"Und","Quant.","Valor Unit","Total"]
["Composição"," 103689 ","SINAPI","FORNECIMENTO E INSTALAÇÃO DE PLACA DE OBRA COM CHAPA GALVANIZADA E ESTRUTURA DE MADEIRA. AF_03/2022_PS","Sinalização Vertical Viária",null,"m²",1,350.6,350.6]
["Composição Auxiliar"," 102234 ","SINAPI","PINTURA IMUNIZANTE PARA MADEIRA, 2 DEMÃOS. AF_01/2021","Pintura em Madeira",null,"m²",0.5,25.87,12.93]
["Composição Auxiliar"," 88262 ","SINAPI","CARPINTEIRO DE FORMAS COM ENCARGOS COMPLEMENTARES","Livro SINAPI: Cálculos e Parâmetros",null,"H",0.37290000000000001,25.92,9.66]
["Composição Auxiliar"," 88316 ","SINAPI","SERVENTE COM ENCARGOS COMPLEMENTARES","Livro SINAPI: Cálculos e Parâmetros",null,"H",1.1186,21.7,24.27]
["Insumo"," 00004509 ","SINAPI","SARRAFO *2,5 X 10* CM EM PINUS, MISTA OU EQUIVALENTE DA REGIAO - BRUTA","Material",null,"M",3.2082999999999999,5.66,18.149999999999999]
["Insumo"," 00004813 ","SINAPI","PLACA DE OBRA (PARA CONSTRUCAO CIVIL) EM CHAPA GALVANIZADA *N. 22*, ADESIVADA, DE *2,4 X 1,2* M (SEM POSTES PARA FIXACAO)","Material",null,"m²",1,285,285]
["Insumo"," 00005065 ","SINAPI","PREGO DE ACO POLIDO COM CABECA 10 X 10 (7/8 X 17)","Material",null,"KG",1.1299999999999999E-2,32.700000000000003,0.36]
["Insumo"," 00005069 ","SINAPI","PREGO DE ACO POLIDO COM CABECA 17 X 27 (2 1/2 X 11)","Material",null,"KG",1.32E-2,17.52,0.23]
[]
[]
[]
[]
[" 4.2 ","Código","Banco","Descrição","Tipo",null,"Und","Quant.","Valor Unit","Total"]
["Composição"," 2496 ","ORSE","Regularização mecanizada de áreas","Regularização de Áreas",null,"m²",1,0.46,0.46]
["Composição Auxiliar"," 10549 ","ORSE","Encargos Complementares - Servente","Provisórios",null,"h",8.0000000000000004E-4,3.88,0]
["Insumo"," 2475 ","ORSE","Motoniveladora 15000 kg com escarificador (cat - 140M - 185,0 hp ou equivalente)","Equipamento",null,"h",3.003E-3,150.88,0.45]
["Insumo"," 00006111/SINAPI ","ORSE","Servente de obras (horista)","Mão de Obra",null,"h",7.5080000000000004E-4,14.58,0.01]
[]
[]
[]
[" 5.2 ","Código","Banco","Descrição","Tipo",null,"Und","Quant.","Valor Unit","Total"]
["Composição"," CODEVASF 323 ","Próprio","ADAPTADA DE SINAPI (101169) - EXECUÇÃO DE PAVIMENTO EM PARALELEPÍPEDOS, REJUNTAMENTO COM ARGAMASSA TRAÇO 1:3 (CIMENTO E AREIA). AF_05/2020","PAVI - PAVIMENTAÇÃO",null,"m²",1,42.36,42.36]
["Composição Auxiliar"," 88260 ","SINAPI","CALCETEIRO COM ENCARGOS COMPLEMENTARES","Livro SINAPI: Cálculos e Parâmetros",null,"H",0.40210000000000001,26.14,10.51]
["Composição Auxiliar"," 88316 ","SINAPI","SERVENTE COM ENCARGOS COMPLEMENTARES","Livro SINAPI: Cálculos e Parâmetros",null,"H",0.40210000000000001,21.7,8.7200000000000006]
["Composição Auxiliar"," 88628 ","SINAPI","ARGAMASSA TRAÇO 1:3 (EM VOLUME DE CIMENTO E AREIA MÉDIA ÚMIDA), PREPARO MECÂNICO COM BETONEIRA 400 L. AF_08/2019","Argamassas",null,"m³",2.0400000000000001E-2,559.62,11.41]
["Composição Auxiliar"," 91278 ","SINAPI","PLACA VIBRATÓRIA REVERSÍVEL COM MOTOR 4 TEMPOS A GASOLINA, FORÇA CENTRÍFUGA DE 25 KN (2500 KGF), POTÊNCIA 5,5 CV - CHI DIURNO. AF_08/2015","Custos Horários Produtivo e Improdutivo dos Equipamentos",null,"CHI",0.15559999999999999,0.73,0.11]
["Composição Auxiliar"," 91277 ","SINAPI","PLACA VIBRATÓRIA REVERSÍVEL COM MOTOR 4 TEMPOS A GASOLINA, FORÇA CENTRÍFUGA DE 25 KN (2500 KGF), POTÊNCIA 5,5 CV - CHP DIURNO. AF_08/2015","Custos Horários Produtivo e Improdutivo dos Equipamentos",null,"CHP",6.8999999999999999E-3,11.01,7.0000000000000007E-2]
["Insumo"," 00000367 ","SINAPI","AREIA GROSSA - POSTO JAZIDA/FORNECEDOR (RETIRADO NA JAZIDA, SEM TRANSPORTE)","Material",null,"m³",0.114,101.3,11.54]
[]
[]
[]
[" 7.2 ","Código","Banco","Descrição","Tipo",null,"Und","Quant.","Valor Unit","Total"]
["Composição"," 2003377 ","SICRO3","Meio-fio de concreto - MFC 05 - areia e brita comerciais - fôrma de madeira","",null,"m",1,58.54,58.54]
[{"$nulls":5},"Custo Horário de Execução =>",null,null,null,0]
[{"$nulls":5},"Fator de Influencia da Chuva - FIC =>",null,null,null,0]
[{"$nulls":5},"Custo do FIC =>",null,null,null,0]
[{"$nulls":5},"Produção de Equipe =>",null,null,null,1]
[{"$nulls":5},"Custo Unitário de Execução =>",null,null,null,0]
["D","Banco","Código","Atividades Auxiliares","Quantidade","Unidade","Preço Unitário",null,null,"Custo Horário"]
["Atividade Auxiliar","SICRO3",1107892,"Concreto fck = 20 MPa - confecção em betoneira e lançamento manual - areia e brita comerciais",3.3399999999999999E-2,"m³",445.49,null,null,14.8794]
["Atividade Auxiliar","SICRO3",1109669,"Argamassa de cimento e areia 1:3 - confecção em betoneira e lançamento manual - areia comercial",1E-4,"m³",481.71,null,null,4.82E-2]
["Atividade Auxiliar","SICRO3",3103302,"Fôrmas de tábuas de pinho para dispositivos de drenagem - utilização de 3 vezes - confecção, instalação e retirada",0.5141,"m²",83.28,null,null,42.8142]
["Atividade Auxiliar","SICRO3",4805750,"Escavação manual em material de 1ª categoria na profundidade de até 1 m",1.7999999999999999E-2,"m³",44.26,null,null,0.79669999999999996]
[{"$nulls":5},"Custo Total das Atividades =>",null,null,null,58.538499999999999]
[]
[]
[]
[" 7.3 ","Código","Banco","Descrição","Tipo",null,"Und","Quant.","Valor Unit","Total"]
["Composição"," 8424 ","ORSE","Escoramento contínuo de meio-fio, com aquisição, espalhamento e transporte dematerial c/distancia até 10km","Aterros / Reaterros / Compactações",null,"m",1,7.28,7.28]
["Composição Auxiliar"," 71 ","ORSE","Aterro manual de áreas, sem aquisição de material, com espalhamento e compactação","Aterros / Reaterros / Compactações",null,"m³",0.12,55.38,6.64]
["Composição Auxiliar"," 5068 ","ORSE","Transporte local com caminhão basculante de 10m³, em rodovia não pavimentada (conservação) densidade=1,5t/m³","Transportes",null,"tkm",1.8,0.36,0.64]
[]
[]
[]
[" 10.1 ","Código","Banco","Descrição","Tipo",null,"Und","Quant.","Valor Unit","Total"]
["Composição"," 5915321 ","SICRO3","Transporte com caminhão basculante de 14 m³ - rodovia pavimentada","",null,"tkm",1,0.66,0.66]
["A","Código","Banco","Equipamentos","Quantidade","Utilização",null,"Custo Operacional",null,"Custo Horário"]
[{"$nulls":5},"Operativa","Improdutiva","Operativa","Improdutiva"]
["Insumo","E9667","SICRO3","Caminhão basculante com capacidade de 14 m³ - 188 kW",1,1,0,309.26710000000003,90.235200000000006,309.26710000000003]
[{"$nulls":5},"Custo Horário de Equipamentos =>",null,null,null,309.26710000000003]
[{"$nulls":5},"Custo Horário de Execução =>",null,null,null,309.26710000000003]
[{"$nulls":5},"Fator de Influencia da Chuva - FIC =>",null,null,null,0]
[{"$nulls":5},"Custo do FIC =>",null,null,null,0]
[{"$nulls":5},"Produção de Equipe =>",null,null,null,470.61]
[{"$nulls":5},"Custo Unitário de Execução =>",null,null,null,0.65720000000000001]

{"sheet":"Curva ABC de Serviços","index":9,"n_rows":23,"n_cols":11,"rows_kept":23,"cut":false,"hidden":false,"merged":[[17,0,17,2],[15,0,15,2],[15,5,15,6],[15,7,15,9],[16,0,16,2],[0,4,0,6],[0,7,0,9],[1,4,1,6],[1,7,1,9],[2,0,2,9]]}
[null,null,null,"Bancos","B.D.I.",null,null,"Encargos Sociais"]
[null,null,{"$f":"'ORÇAMENTO SINTÉTICO'!B1","v":"PAVIMENTAÇÃO GRANÍTICA DA ESTRADA AÇU VELHO"},"SINAPI - 07/2025 - Sergipe\nSICRO3 - 04/2025 - Sergipe\nORSE - 06/2025 - Sergipe\n",{"$f":"BDI!D17","v":0.26750000000000002},null,null,"Não Desonerado: embutido nos preços unitário dos insumos de mão de obra, de acordo com as bases."]
["Curva ABC de Serviços"]
["Código","Banco","Descrição","Reajustamento","Und","Quant.","Valor  Unit","Total","Peso (%)","Peso Acumulado (%)"]
[9387,"ORSE","Paralelepípedo granitico (sem frete)","Pavimentação","un",{"$f":"VLOOKUP(A5,'ORÇAMENTO SINTÉTICO'!$D$13:$O$29,7,FALSE)","v":309650.03999999998},{"$f":"VLOOKUP(A5,'ORÇAMENTO SINTÉTICO'!$D$13:$O$29,11,FALSE)","v":1.48},{"$f":"TRUNC(F5*G5,2)","v":458282.05},{"$f":"H5/$K$17","v":0.33101004488348434},{"$f":"I5","v":0.33101004488348434}]
["CODEVASF 323","Próprio","ADAPTADA DE SINAPI (101169) - EXECUÇÃO DE PAVIMENTO EM PARALELEPÍPEDOS, REJUNTAMENTO COM ARGAMASSA TRAÇO 1:3 (CIMENTO E AREIA). AF_05/2020","Pavimentação","m²",{"$f":"VLOOKUP(A6,'ORÇAMENTO SINTÉTICO'!$D$13:$O$29,7,FALSE)","v":7372.62},{"$f":"VLOOKUP(A6,'ORÇAMENTO SINTÉTICO'!$D$13:$O$29,11,FALSE)","v":53.69},{"$f":"TRUNC(F6*G6,2)","v":395835.96},{"$f":"H6/$K$17","v":0.28590619878325391},{"$f":"I6+J5","v":0.61691624366673825}]
[5915321,"SICRO3","Transporte com caminhão basculante de 14 m³ - rodovia pavimentada","Drenagem","tkm",{"$f":"VLOOKUP(A7,'ORÇAMENTO SINTÉTICO'!$D$13:$O$29,7,FALSE)","v":210969.74783124001},{"$f":"VLOOKUP(A7,'ORÇAMENTO SINTÉTICO'!$D$13:$O$29,11,FALSE)","v":0.83},{"$f":"TRUNC(F7*G7,2)","v":175104.89},0.12647555691569765,{"$f":"I7+J6","v":0.74339180058243592}]
[2003377,"SICRO3","Meio-fio de concreto - MFC 05 - areia e brita comerciais - fôrma de madeira","Drenagem","m",{"$f":"VLOOKUP(A8,'ORÇAMENTO SINTÉTICO'!$D$13:$O$29,7,FALSE)","v":2182.73},{"$f":"VLOOKUP(A8,'ORÇAMENTO SINTÉTICO'!$D$13:$O$29,11,FALSE)","v":74.19},{"$f":"TRUNC(F8*G8,2)","v":161936.73000000001},0.11696439837777781,0.86035619896021376]
["Adm Local","Próprio","Administração Local","Administração Local","CJ",{"$f":"VLOOKUP(A9,'ORÇAMENTO SINTÉTICO'!$D$13:$O$29,7,FALSE)","v":1},{"$f":"VLOOKUP(A9,'ORÇAMENTO SINTÉTICO'!$D$13:$O$29,11,FALSE)","v":151974.17000000001},151974.17000000001,0.10976859519771782,0.97012479415793162]
[8424,"ORSE","Escoramento contínuo de meio-fio, com aquisição, espalhamento e transporte dematerial c/distancia até 10km","Terraplenagem","m",{"$f":"VLOOKUP(A10,'ORÇAMENTO SINTÉTICO'!$D$13:$O$29,7,FALSE)","v":2182.73},{"$f":"VLOOKUP(A10,'ORÇAMENTO SINTÉTICO'!$D$13:$O$29,11,FALSE)","v":9.2200000000000006},{"$f":"TRUNC(F10*G10,2)","v":20124.77},1.4535810470800241E-2,0.98466060462873184]
["Canteiro","Próprio","Canteiro de Obras (PAV)","Administração Local","frente",{"$f":"VLOOKUP(A11,'ORÇAMENTO SINTÉTICO'!$D$13:$O$29,7,FALSE)","v":1},{"$f":"VLOOKUP(A11,'ORÇAMENTO SINTÉTICO'!$D$13:$O$29,11,FALSE)","v":6067.34},{"$f":"TRUNC(F11*G11,2)","v":6067.34},4.3823459498868872E-3,0.98904295057861868]
["Mob","Próprio","Mobilização e desmobilização","Mobilização e Desmobilização","km",{"$f":"VLOOKUP(A12,'ORÇAMENTO SINTÉTICO'!$D$13:$O$29,7,FALSE)*2","v":138},{"$f":"VLOOKUP(A12,'ORÇAMENTO SINTÉTICO'!$D$13:$O$29,11,FALSE)","v":53.18},7338.84,5.3007307569491544E-3,0.99434368133556783]
[2496,"ORSE","Regularização mecanizada de áreas","Terraplenagem","m²",{"$f":"VLOOKUP(A13,'ORÇAMENTO SINTÉTICO'!$D$13:$O$29,7,FALSE)","v":7372.62},{"$f":"VLOOKUP(A13,'ORÇAMENTO SINTÉTICO'!$D$13:$O$29,11,FALSE)","v":0.57999999999999996},4276.1099999999997,3.0885681929430056E-3,0.99743224952851084]
[103689,"SINAPI","FORNECIMENTO E INSTALAÇÃO DE PLACA DE OBRA COM CHAPA GALVANIZADA E ESTRUTURA DE MADEIRA. AF_03/2022_PS","Sinalização Vertical","m²",{"$f":"VLOOKUP(A14,'ORÇAMENTO SINTÉTICO'!$D$13:$O$29,7,FALSE)","v":8},{"$f":"VLOOKUP(A14,'ORÇAMENTO SINTÉTICO'!$D$13:$O$29,11,FALSE)","v":444.38},3555.04,2.5677504714892983E-3,1.0000000000000002]
[]
[{"$nulls":5},"Total",null,{"$f":"'ORÇAMENTO SINTÉTICO'!O30","v":1384495.9}]
[{"$nulls":4},{"$f":"ROUND(J17/$H$16,6)","v":0.61691600000000002},"Pavimentação",null,null,null,{"$f":"SUMIF($D$5:$D$14,F17,$H$5:$H$14)","v":854118.01},{"$f":"SUM(J17:J22)","v":1384495.9}]
[{"$nulls":4},0.24343999999999999,"Drenagem",null,null,null,337041.62]
[{"$nulls":4},0.114151,"Administração Local",null,null,null,158041.51]
[{"$nulls":4},5.3010000000000002E-3,"Mobilização e Desmobilização",null,null,null,7338.84]
[{"$nulls":4},1.7624000000000001E-2,"Terraplenagem",null,null,null,24400.880000000001]
[{"$nulls":4},2.568E-3,"Sinalização Vertical",null,null,null,3555.04]
[{"$nulls":4},{"$f":"SUM(E17:E22)","v":1}]